| 000 | 00427nam a2200145Ia 4500 | ||
|---|---|---|---|
| 008 | 230128s9999 xx 000 0 und d | ||
| 041 | _aeng | ||
| 082 |
_aMAY PR0697 _bMAY |
||
| 100 |
_aMayuri Gaikwad - 2k181133 & Prof Genesh Lotke - Guide _9119002 |
||
| 245 | _aA Study Of Bosch Production System | ||
| 260 |
_c2019 _bSavitribai Phule Pune University _aPune |
||
| 300 |
_a48p _bHard Bound |
||
| 440 | _v1 | ||
| 999 |
_c97306 _d97306 |
||